Les 20 villes les plus peuplées du Gers sur une carte - Statistiques

Statistiques générales
  • Ce quiz a été pris 174 fois
  • Le résultat moyen est 11 sur 20
Réponses sur la Carte
Les réponses sont colorées sur une échelle allant du rouge au vert en fonction du pourcentage des utilisateurs qui les ont devinées à leur premier essai. Vous pouvez retrouver ces pourcentages ci-dessous.
 
Statistiques - réponses
Nb Hab. Réponse % Correct
23 041 Auch
99%
6 466 Condom
88%
9 324 L'Isle-Jourdain
80%
3 454 Mirande
73%
6 012 Fleurance
66%
3 055 Gimont
66%
3 690 Lectoure
65%
4 014 Eauze
61%
2 161 Nogaro
61%
3 581 Vic-Fezensac
57%
2 510 Pavie
55%
2 429 Samatan
55%
2 143 Lombez
48%
2 239 Mauvezin
39%
1 524 Masseube
36%
1 702 Riscle
30%
1 662 Cazaubon
27%
1 358 Barcelonne-du-Gers
26%
1 657 Pujaudran
24%
1 421 Plaisance
19%
Aucun quiz correspondant
Distribution des résultats
% des personnes avec chaque résultat
Percentile par nombre de réponses
Votre historique - résultats
Vous n’avez pas pris ce quiz